000
00204nam a22000857a 4500
008
161124b xxu||||| |||| 00| 0 eng d
100
_9
1348
_a
Australian Council
245
_a
English
260
_a
Australian
_c
2007
999
_c
4061
_d
4061